| 000 | 00747cab a2200265 4500 | ||
|---|---|---|---|
| 001 | X1754 | ||
| 008 | 090401t1994 xxu||||| |||| 00| 0 eng d | ||
| 035 | _a(Sirsi) u19047 | ||
| 041 | _aeng | ||
| 100 | _aSingh, G | ||
| 245 | _aEnvironmental considerations and real estate development in Malaysia | ||
| 260 | _c1994 | ||
| 350 | _a0 | ||
| 490 |
_aSurveyor _v29(3) 3rd quarter 1994, 53-63(11) |
||
| 650 | _aCADASTRAL SYSTEMS | ||
| 650 | _aECONOMIC DEVELOPMENT | ||
| 650 | _aENVIRONMENTAL IMPACT ASSESSMENTS | ||
| 650 | _aENVIRONMENTAL MANAGEMENT | ||
| 650 | _aLAND INFORMATION SYSTEMS | ||
| 650 | _aMALAYSIA | ||
| 650 | _aREAL ESTATE APPRAISAL | ||
| 690 | _aENVIRONMENTAL AND LAND CONSULTANCY | ||
| 942 | _n0 | ||
| 948 | _c04/03/1997 | ||
| 999 |
_c12683 _d12683 |
||